The Office Dating Quiz Stats

Quiz Updated Mar 13, 2015

Also try: The Office Pranks
Challenge
Share
Tweet
Embed
Score 0/22 Timer 05:00
13 Plays Today
Character Character % Correct
Jim HalpertPam Beesly
99%
Pam BeeslyJim Halpert
97.4%
Holly FlaxMichael Scott
94.5%
Angela MartinDwight Schrute
94.3%
Michael ScottHolly Flax
93.7%
Angela MartinAndy Bernard
92.5%
Erin HannonAndy Bernard
92.5%
Kelly KapoorRyan Howard
92.4%
Michael ScottJan Levenson
88.4%
Pam BeeslyRoy Anderson
81.6%
Jim HalpertKaren Filippelli
75%
Character Character % Correct
Erin HannonGabe Lewis
61.2%
Kelly KapoorDarryl Philbin
60.7%
Michael ScottCarol Stills
52.9%
Angela MartinRobert Lipton
52.6%
Michael ScottHelene Beesly
41.8%
Holly FlaxA.J.
36.1%
Jim HalpertKaty
34.5%
Kelly KapoorRavi
19.6%
Michael ScottDonna Newton
12.5%
Pam BeeslyAlan
10.1%
Pam BeeslyDanny Cordray
9.2%

You're not logged in!

Compare scores with friends on all Sporcle quizzes.
Sign Up with Email
OR
Log In

You Might Also Like...

Show Comments

Extras

Top Quizzes Today


Score Distribution

Your Account Isn't Verified!

In order to create a playlist on Sporcle, you need to verify the email address you used during registration. Go to your Sporcle Settings to finish the process.